000 00936nam a2200301Ia 4500
001 A9217
003 IT-RoPAU
008 130308s9999 xx 000 0 und d
040 _aIT-RoPAU
040 _cIT-RoPAU
041 _aITALIANO
100 _aMoscon Giorgio
100 _gCodice Aut. SPICS: 3514
245 _aCensura (La)
245 _bStoria del Cinema (La)-3
250 _a1a ed.
260 _aMILANO
260 _bVallardi
260 _c1966 [1° Ed.:1966 - Ed.Ling.Originale:1966]
300 _a"10 p. (prefazione: no ; testo: 10 [pagine: 292-301])"
500 _aForbici di Stato e libero Dibattito delle Opinioni. comunque Gestita la censura è Sempre Ineluttabilmente Ottusa: Non Serve Ne' a migliorare I costumi Ne' a Evitare Ipotetici Pericoli per la Societa'.
650 _aSTORIA DEL CINEMA
650 _eCodice materia Spics: 6808
942 _cBK
957 _71
999 _c53417
_d53417
999 _bSI
999 _g1